| Tag |
First Indicator |
Second Indicator |
Subfields |
| LEADER |
00000pam a2200000 i 4500 |
| 001 |
in00000077015 |
| 005 |
20151008055024.0 |
| 008 |
810112s1981 kyu b 10000 eng |
| 010 |
|
|
|a 80005179
|
| 020 |
|
|
|a 0813114365
|
| 035 |
|
|
|a (OCoLC)07196696
|
| 035 |
|
|
|9 AAJ2342AM
|
| 040 |
|
|
|a DLC
|c DLC
|d m.c.
|d TXA
|d UtOrBLW
|
| 043 |
|
|
|a n-us---
|
| 049 |
|
|
|a TXAM
|c [985537]
|
| 050 |
0 |
0 |
|a PS153.N5
|b B53
|
| 082 |
0 |
|
|a 810/.9/896073
|2 19
|
| 245 |
0 |
0 |
|a Black American literature and humanism /
|c R. Baxter Miller, editor.
|
| 264 |
|
1 |
|a Lexington, Ky. :
|b University Press of Kentucky,
|c [1981]
|
| 264 |
|
4 |
|c ©1981
|
| 300 |
|
|
|a viii, 114 pages ;
|c 23 cm.
|
| 336 |
|
|
|a text
|b txt
|2 rdacontent
|
| 337 |
|
|
|a unmediated
|b n
|2 rdamedia
|
| 338 |
|
|
|a volume
|b nc
|2 rdacarrier
|
| 500 |
|
|
|a Papers from a conference held Nov. 30-Dec. 1, 1978, at the University of Tennessee, Knoxville.
|
| 504 |
|
|
|a Includes bibliographical references.
|
| 650 |
|
0 |
|a American literature
|x African American authors
|x History and criticism
|v Congresses.
|
| 650 |
|
0 |
|a Humanism in literature
|v Congresses.
|
| 650 |
|
0 |
|a American literature
|y 20th century
|x History and criticism
|v Congresses.
|
| 650 |
|
0 |
|a African Americans
|x Attitudes
|v Congresses.
|
| 700 |
1 |
|
|a Miller, R. Baxter.
|
| 999 |
|
|
|a MARS
|
| 999 |
f |
f |
|s c9749ce7-84ae-393c-b717-5fc4d4adf2da
|i 71daf6c3-4d26-3a23-8b09-aa74486d95e9
|t 0
|
| 952 |
f |
f |
|p ric
|a Texas A&M University
|b Rellis Campus
|c Joint Library Facility
|d Remote Storage
|t 0
|e PS153.N5 B53
|h Library of Congress classification
|i unmediated -- volume
|m A14806188463
|
| 998 |
f |
f |
|a PS153.N5 B53
|t 0
|l Remote Storage
|